000 00861nam a2200301Ia 4500
001 16822
003 IT-RoPAU
008 130308s9999 xx 000 0 und d
040 _aIT-RoPAU
040 _cIT-RoPAU
041 _aITALIANO
100 _aMelegari Maria Grazia
100 _gCodice Aut. SPICS: 31800
245 _aVari tipi di programmazione radiofonica
245 _bRicerche Sulla Radiofonia
250 _a1a ed.
260 _aROMA
260 _bSPICS
260 _c1984 [1° Ed.:1984 - Ed.Ling.Originale:1984]
300 _a"4 p. (prefazione: no ; testo: 4)"
500 _aProgrammi d'informazione programmi Culturali con Finalità Educative programmi D'Intrattenimento e Spettacolo
650 _aELABORATI STUDENTI SPICS
650 _eCodice materia Spics: 9905
942 _cBK
957 _71
999 _c64949
_d64949
999 _bSI
999 _g1